000 00612nam a22001937a 4500
999 _c172780
_d172780
005 20200212170435.0
010 _aA-304661
020 _c53.00
_a-
035 _aA-304661
037 _bBPPD
082 _a954.16
100 _aمہيشو ر د يا ل
245 _aعا لم ميں ا نتخا ب د لی
_cمہيشو ر د يا ل
246 _aAalam Main Intikhab Dilli
_bbyMaheshwar Dayal
260 _aDelhi
_bUrdu Academy Delhi
_c1987
270 _aGhata Masjid Darya Ganj,
_bN.Delhi
_e110002
_k-
_l-
_m-
300 _a516 ص
_c21 Cm.(P.b)
942 _2ddc
_cUR
_h954.16
_mم ہ ي